000 01042cam a22002771 4500
001 gs 58000155
003 DLC
005 20260227111406.0
008 761110s1957 cauab b 000 0 eng c
010 _ags 58000155
035 _a(OCoLC)2550810
040 _aU.S. Geol. Survey. Libr.
_cOT
_dWaChenE
_dDLC
050 0 0 _aTN24.C2
_bA3 no. 176
051 _aTN24.C2
_bA5 1957
_cCopy 2.
082 _a553
110 1 _aCalifornia.
_bDivision of Mines.
245 1 0 _aMineral commodities of California;
_bgeologic occurrence, economic development, and utilization of the state's mineral resources.
_cPrepared under the direction of Olaf P. Jenkins. Edited by Lauren A. Wright.
260 _aSan Francisco,
_c1957.
300 _a736 p.
_billus., maps
_c28 cm.
490 1 _aIts Bulletin
_v176
500 _a"Revision of Bulletin 156."
504 _aIncludes bibliographies.
650 0 _aMines and mineral resources
_zCalifornia.
650 0 _aMineral industries
_zCalifornia.
830 0 _aBulletin (California. Division of Mines) ;
_vno. 176.
999 _c29241
_d29241